Normal view
MARC view
Entry Personal Name
001 - CONTROL NUMBER
- control field: 7545
003 - CONTROL NUMBER IDENTIFIER
- control field: OSt
005 - DATE AND TIME OF LATEST TRANSACTION
- control field: 20211028144141.0
008 - FIXED-LENGTH DATA ELEMENTS
- fixed length control field: 211028|| aca||aabn | a|a d
040 ## - CATALOGING SOURCE
- Original cataloging agency: OSt
- Transcribing agency: OSt
100 ## - HEADING--PERSONAL NAME
- Personal name: Mareeya, Sandra; D Souza, Rayan.
- Miscellaneous information: 1416126
670 ## - SOURCE DATA FOUND
- Source citation: Work cat.: (OSt): Mareeya, Sandra; D Souza, Rayan. 1416126, Study on the financial performance of panathady service co operative bank poodamkallu Kerala., 2016